| 000 | 01071nam a2200289Ia 4500 | ||
|---|---|---|---|
| 001 | G2439 | ||
| 003 | IT-RoPAU | ||
| 008 | 130308s9999 xx 000 0 und d | ||
| 040 | _aIT-RoPAU | ||
| 040 | _cIT-RoPAU | ||
| 041 | _aFRANCESE | ||
| 100 | _aMelot Michel | ||
| 100 | _gCodice Aut. SPICS: 15401 | ||
| 245 | _aNotion d'originalitè et son importance da ns la definition des objets d'art (La) | ||
| 245 | _bSociologie de L'Art | ||
| 250 | _a2a ed. | ||
| 260 | _aPARIS | ||
| 260 | _bL'Harmattan | ||
| 260 | _c1999 [1° Ed.:1986 - Ed.Ling.Originale:1986] | ||
| 300 | _a"12 p. (prefazione: no ; testo: 12 [pagine: 191-202])" | ||
| 500 | _aNozione di Originalità e Sua importanza nella Definizione degli Oggetti d'arte . Misteriosi Poteri dell'Originalità. breve Storia della nozione di Originalità in Arte. Originalità di un Artista: Equivoco Sui Termini. Oggetto d'arte Come Simbolo Catalizzatore di un gruppo Sociale. | ||
| 650 | _aSAGGI SULLE ARTI VISIVE | ||
| 650 | _eCodice materia Spics: 5011 | ||
| 942 | _cBK | ||
| 957 | _71 | ||
| 999 |
_c81990 _d81990 |
||
| 999 | _g1 | ||